000
00204 a2200097 4500
001
14707
100
_a
M Asad
245
_a
Islam at the crossroad
260
_a
London
_b
M Ashraf
_c
090
_c
11492
_d
11492
942
_a
NUST-CAE
_c
M
_c
1661
999
_c
249780
_d
249780